Responses for Show #6316 - Monday, February 20, 2012

2012-A Teachers Tournament quarterfinal game 4.

Contestants

[<< previous game]

Kathryn Wendling, a high school social studies teacher from Farmington, Minnesota

Mary Ann Stanley, a high school chemistry and physical science teacher from Statesboro, Georgia

Brad Brown, a theater teacher from Nashville, Tennessee

[next game >>]

Jeopardy! Round responses

PLOT
THEME
EXPOSITION
"SETT"ING
CHARACTER
NOW GO WRITE THAT NOVEL ALREADY
    $200 7
Hitler

Kathryn
    $200 21
Doctor Zhivago

Mary Ann
    $200 26
the Statue of Liberty

Kathryn
    $200 5
(Mary Ann: What is a cassette recorder?)

a cassette

Mary AnnKathryn
    $200 1
San Francisco

Brad
    $200 12
(Michael) Crichton

Kathryn
    $400 17
Parliament

Mary Ann
    $400 22
Avatar

Brad
    $400 27
the Eiffel Tower

Kathryn
    $400 6
Massachusetts

Brad
    $400 2
a vampire bat

Brad
    $400 13
Margaret Mitchell

Mary Ann
    $600 18
Iran

Triple Stumper
    $600 23
Twilight

Mary Ann
    $600 28
Borglum

Brad
    $600 8
unsettled

Kathryn
    $600 3
cars

Triple Stumper
    $600 14
Les Miserables

Mary Ann
    $800 19
(Brad: Who is Eisenhower?)

Stalin

Brad
Triple Stumper
    $1,800 24
(Mary Ann: What is Castaway?)

Forrest Gump

Mary Ann
    $800 29
Shanghai

Mary Ann
    $800 9
the pacesetter

Mary Ann
    $800 4
Honest Abe

Kathryn
    $800 15
Wicked

Brad
    $1000 20
ronin

Mary Ann
    $1000 25
The Prime Of Miss Jean Brodie

Mary Ann
    $1000 30
Knoxville

Mary Ann
    $1000 10
anisette

Mary Ann
    $1000 11
opus

Triple Stumper
    $1000 16
Siddhartha

Kathryn

Scores at the first commercial break (after clue 15):

Brad Mary Ann Kathryn
$1,800 $2,600 $2,000

Scores at the end of the Jeopardy! Round:

Brad Mary Ann Kathryn
$2,000 $5,800 $3,600

Double Jeopardy! Round responses

BIBLE GUYS
INDEPENDENCE DAYS
SHADOWS
McPEOPLE
INVERTEBRATES
13-LETTER WORDS
    $400 16
Samson

Kathryn
    $400 26
(Brad: What is the Netherlands?)

Denmark

BradMary Ann
    $400 6
an eclipse

Mary Ann
    $400 1
(Brad: Who is McGovern?)

(John) McCain

BradKathryn
    $400 11
a scorpion

Brad
    $400 21
scientologist

Kathryn
    $800 17
Cain & Abel

Mary Ann
    $800 27
the Soviet Union

Kathryn
    $800 7
Peter Pan

Brad
    $800 2
(David) McCullough

Kathryn
    $800 12
a nightcrawler

Mary Ann
    $800 22
a commemorative

Brad
    $1200 18
John the Baptist

Triple Stumper
    $1200 28
the Great Britain

Mary Ann
    $1200 8
Punxsutawney Phil

Mary Ann
    $1200 3
(Alexander) McQueen

Kathryn
    $1200 13
a crab

Brad
    $1200 24
underclassman

Brad
    $3,000 19
Noah

Mary Ann
    $1600 29
the Ottoman Empire

Brad
    $1600 9
The Twilight Zone

Mary Ann
    $1600 4
McClellan

Mary Ann
    $1600 14
slugs

Mary Ann
    $1600 23
the quartermaster

Triple Stumper
    $2000 20
(Doubting) Thomas

Kathryn
    $1,000 30
(Brad; What is ... France?)

the Netherlands

Brad
    $2000 10
a gnomon

Triple Stumper
    $2000 5
(Carson) McCullers

Mary Ann
    $2000 15
a jellyfish

Brad
    $2000 25
transmutation

Mary Ann

Scores at the end of the Double Jeopardy! Round:

Brad Mary Ann Kathryn
$8,200 $22,400 $9,600
(lock game)

Final Jeopardy! Round responses

FRENCH PAINTERS
BradWho is Cezanne?
$8,200
KathrynWho is Monet?
$9,600
Mary AnnWho is Gaugain
$100
Monet

Final scores:

Brad Mary Ann Kathryn
$0 $22,300 $19,200
3rd place: $5,000 if eliminated Automatic semifinalist 2nd place: $5,000 if eliminated

Game dynamics:

Coryat scores:

Brad Mary Ann Kathryn
$9,200 $22,800 $9,600
13 R,
4 W
(including 1 DD)
23 R
(including 1 DD),
2 W
(including 1 DD)
15 R,
0 W

Combined Coryat: $41,600

[game clues] [game scores] [suggest correction]

Game tape date: 2012-01-23
The J! Archive is created by fans, for fans. Scraping, republication, monetization, and malicious use prohibited; this site may use cookies and collect identifying information. See terms. The Jeopardy! game show and all elements thereof, including but not limited to copyright and trademark thereto, are the property of Jeopardy Productions, Inc. and are protected under law. This website is not affiliated with, sponsored by, or operated by Jeopardy Productions, Inc. Join the discussion at JBoard.tv.